|
|
|
|
| LEADER |
01055nam a2200241 i 4500 |
| 003 |
GR-PaULI |
| 005 |
20221208114901.0 |
| 008 |
221208s2002 gr ||||f b||| 000 0 gre d |
| 952 |
|
|
|0 0
|1 0
|2 ddc
|4 0
|6 340_100000000000000_ΣΤΑ
|7 0
|9 366377
|a PHIL
|b PHIL
|d 2022-12-08
|i 12913
|l 0
|o 340.1 ΣΤΑ
|p 025000242229
|r 2022-12-08 00:00:00
|t 1
|w 2022-12-08
|y BK15
|
| 999 |
|
|
|c 214064
|d 214064
|
| 020 |
|
|
|a 9603016187
|
| 040 |
|
|
|a GR-PaULI
|c GR-PaULI
|b gre
|e AACR2
|
| 041 |
0 |
|
|a gre
|
| 082 |
0 |
4 |
|2 23
|a 340.1
|
| 082 |
0 |
4 |
|2 23
|a 500
|
| 100 |
1 |
|
|9 34995
|a Σταμάτης, Κώστας Μ.
|d 1955-
|e συγγραφέας.
|
| 245 |
1 |
2 |
|a Η θεμελίωση των νομικών κρίσεων :
|b εισαγωγή στη μεθοδολογία του δικαίου /
|c Κώστας Μ. Σταμάτης.
|
| 250 |
|
|
|a ε' έκδοση αναθεωρημένη
|
| 260 |
|
|
|a Αθήνα :
|b Εκδόσεις Σάκκουλα,
|c 2002.
|
| 300 |
|
|
|a 494 σ. ;
|c 24 εκ.
|
| 650 |
|
4 |
|9 194931
|a Δίκαιο
|x Μεθοδολογία.
|
| 942 |
|
|
|2 ddc
|c BK15
|
| 998 |
|
|
|c ΚΑΝΕΛΛΟΠΟΥΛΟΥ
|d 2022-12
|